| 000 | 01143cam a22002294a 4500 | ||
|---|---|---|---|
| 005 | 20250605164249.0 | ||
| 008 | 250528s ||||||||||||||||||||||||d | ||
| 035 | _a21671 | ||
| 020 | _a9876909349307 | ||
| 040 |
_aGR-AtMCL _bgre _dGR-AtMCL _eAACR2 |
||
| 245 | 1 | _aΒΑΣΙΚΕΣ ΑΡΧΕΣ ΣΧΕΔΙΑΣΗΣ ΜΕ ΤΟ SOLIDWORKS | |
| 250 | _a1 | ||
| 300 | _a175 | ||
| 505 | 0 | _aΣΧΕΔΙΑΣΗ ΣΕ ΠΑΡΑΜΕΤΡΙΚΟ ΛΟΓΙΣΜΙΚΟ ΠΡΟΓΡΑΜΜΑ CAD ΣΧΕΔΙΑΣΗ 2D ΣΧΗΜΑΤΩΝ ΣΧΕΔΙΑΣΗ 3D ΣΧΗΜΑΤΩΝ ΣΧΕΔΙΑΣΗ ΣΥΝΑΡΜΟΛΟΓΗΜΑΤΩΝ ΕΚΠΟΝΗΣΗ ΜΗΧΑΝΟΛΟΓΙΚΩΝ ΣΧΕΔΙΩΝ | |
| 520 | _aΣΧΕΔΙΑΣΗ ΣΕ ΠΑΡΑΜΕΤΡΙΚΟ ΛΟΓΙΣΜΙΚΟ ΠΡΟΓΡΑΜΜΑ CAD ΣΧΕΔΙΑΣΗ 2D ΣΧΗΜΑΤΩΝ ΣΧΕΔΙΑΣΗ 3D ΣΧΗΜΑΤΩΝ ΣΧΕΔΙΑΣΗ ΣΥΝΑΡΜΟΛΟΓΗΜΑΤΩΝ ΕΚΠΟΝΗΣΗ ΜΗΧΑΝΟΛΟΓΙΚΩΝ ΣΧΕΔΙΩΝ | ||
| 700 | 1 |
_aΒαρυτης Εμμανουηλ _97609 |
|
| 700 | 1 |
_aΣταυροπουλου Σοφια _97610 |
|
| 942 | _cBK | ||
| 260 | _bΑυτοεκδοση | ||
| 999 |
_c6732 _d6732 |
||